| 000 | 00604nam a2200193Ia 4500 | ||
|---|---|---|---|
| 005 | 20250507130308.0 | ||
| 008 | 008 250505s9999 xx 000 0 eng d | ||
| 037 | _aSeries Article | ||
| 040 |
_aEASL _beng _cEASL |
||
| 041 |
_aeng _2eng |
||
| 084 | _qEASL | ||
| 100 |
_aDriessn Miriam _9674268 |
||
| 245 | 0 | _aMigrating for the bank: Housing and Chinese labour migeration to ethiopia | |
| 260 |
_aUK _bCambridge Cambridge Univesity Press _c2015 |
||
| 300 | _a143-160 Pp. | ||
| 650 |
_aChina; China - Labour Migration to Ethiopia _9755125 |
||
| 942 | _cSRA | ||
| 999 |
_c1318835 _d1318835 |
||